Statistics for The Legend of Zelda: Wind Waker - Items

Click here to take the quiz!

General Stats

  • This quiz has been taken 168 times
    (165 since last reset)
  • The average score is 20 of 48

Answer Stats

Answer% Correct
Master Sword
88%
Bomb
84%
Hookshot
78%
Boomerang
77%
Bottle
75%
Fire Arrows
72%
Grappling Hook
72%
Ice Arrows
71%
Wind Waker
69%
Mirror Shield
68%
Skull Hammer
67%
Iron Boots
66%
Deku Leaf
65%
Sail
62%
Light Arrows
60%
Hero's Bow
59%
Arrows
58%
Tingle Tuner
53%
Hero's Shield
50%
Magic Armor
46%
Picto Box
46%
Swift Sail
46%
Spoils Bag
45%
Hero's Sword
44%
Telescope
44%
Bait Bag
41%
Power Bracelets
37%
Tingle Bottle
37%
Hero's Charm
29%
Delivery Bag
27%
Din's Pearl
26%
Hero's Clothes
26%
Nayru's Pearl
26%
Farore's Pearl
25%
Triforce Shard
25%
Deluxe Picto Box
23%
Hyoi Pear
21%
Pirates Charm
21%
All-Purpose Bait
20%
Giant Wallet
14%
Big Bomb Bag
13%
Adult Wallet
12%
Big Quiver
11%
Cabana Deed
11%
Complimentary ID
9%
Fillup Coupon
8%
Large Quiver
8%
Biggest Bomb Bag
7%

Score Distribution

Percentile by Number Answered

Percent of People with Each Score

Your Score History

You have not taken this quiz since the last reset